000 01266nam a2200253Ia 4500
003 OSt
005 20210823121018.0
008 210310s1975 ar ad gr 000 0 spa d
040 _aCO-JMCR
_cCO-JMCR
041 0 _aspa
082 0 4 _a338.5 /
_bR295p
_223
100 1 _aReynolds, L.G.
_eautor
_927709
245 1 0 _aPrincipios de microeconomía
_cL. G. Reynols
260 _c1975
_aBuenos Aires, Argentina :
_bEl ateneo,
300 _a193 páginas :
_bilustraciones y gráficas en blanco y negro ;
_c26 cm.
440 _a#N/A
_927710
490 0 _aSerie de enseñanza programada
500 _aIncluye glosario e índice.
505 0 _aDemanda y decisiones del hogar. -- Economía de oferta, costos y producción. -- Competencia perfecta y monopolio. -- Competencia monopólica y oligopolio. -- Relación de la política pública con la competencia y Precios de los factores y mercados el monopolio. -- Las determinantes de salarios y los mercados de mano de obra. -- Las ganancias y la tasa de interés. --Desigualdad y pobreza. -- Planeamiento y eficiencia económica. -- Economía del producto público. -- Tributación
650 1 4 _aMicroeconomía
_939539
650 2 4 _aMacroeconómica
_912470
650 2 4 _aCiencias económicas
_911379
942 _2ddc
_cBK
999 _c12253
_d12253